Weltpolitiker Quiz #2 - Statistiken

Allgemein
  • Dieses Quiz wurde 55 mal gespielt
  • Das Durchschnittsergebnis liegt bei 7 aus 23
Antwortstatistiken
Position Jahre Name % Korrekt
Papst 2013– Franziskus
92%
Präsident von der Türkei 2014– Recep Tayyip Erdoğan
92%
Papst 2005–2013 Benedikt XVI
80%
Papst 1978–2005 Johannes Paul II
76%
Präsident von Brasilien 2019–2022 Jair Bolsonaro
51%
Präsident von Ägypten 1981–2011 Hosni Mubarak
39%
Präsident von Venezuela 2013– Nicolás Maduro
37%
Präsident der Palästinensischen Autonomiebehörde 1994–2004 Jassir Arafat
33%
Präsident von Argentinien 2023– Javier Milei
27%
Präsident der Ukraine 2019– Volodymyr Zelensky
27%
Präsident von Brasilien 2023– 2003–2010 Luiz Inácio Lula da Silva
24%
Präsident von Venezuela 1999–2013 Hugo Chávez
22%
Präsident der Palästinensischen Autonomiebehörde 2005– Mahmoud Abbas
20%
Präsident von Argentinien 2007–2015 Cristina Fernández de Kirchner
16%
Präsident von Ägypten 2014– Abdel Fattah el-Sisi
14%
Präsident von Argentinien 1946–1955 Juan Perón
12%
Präsident der Philippinen 2016–2022 Rodrigo Duterte
12%
König von Saudi-Arabien 2015– Salman
12%
Präsident der Philippinen 2022– Bongbong Marcos
10%
König von Saudi-Arabien 2005–2015 Abdullah
8%
Präsident von Nicaragua 1979–1990, 2007– Daniel Ortega
8%
Präsident von El Salvador 2019– Nayib Bukele
8%
Präsident von Südkorea 1963–1979 Park Chung-hee
4%
Keine übereinstimmenden Quizze gefunden
Verteilung der Resultate
Anzahl Personen mit jedem Resultat
Perzentil nach korrekt beantworteten Fragen
Ihre Resultats-Entwicklung
Sie haben dieses Quiz noch nicht gespielt